Protirečivosť utvárania a pôsobenia bezpečnostnej elity

Stručné vymedzenie pojmu bezpečnostná elita v rámci nového chápania bezpečnosti na Slovensku ako sociologického fenoménu. Vybrané problémy utvárania bezpečnostnej elity a základné skupiny, ktoré môžu tvoriť slovenskú bezpečnostnú elitu.

Guardado en:
Detalles Bibliográficos
Autor principal: Škvrnda, František
Formato: Capítulo de libro
Lenguaje:eslovaco
Materias:
Etiquetas: Agregar Etiqueta
Sin Etiquetas, Sea el primero en etiquetar este registro!

MARC

LEADER 00000naa$a2200000$$$4500
001 0224876
005 20240502073701.6
041 0 |a slo 
044 |a SK 
245 1 0 |a Protirečivosť utvárania a pôsobenia bezpečnostnej elity  |c František Škvrnda 
520 |a Stručné vymedzenie pojmu bezpečnostná elita v rámci nového chápania bezpečnosti na Slovensku ako sociologického fenoménu. Vybrané problémy utvárania bezpečnostnej elity a základné skupiny, ktoré môžu tvoriť slovenskú bezpečnostnú elitu. 
610 2 0 |a Slovensko 
610 2 0 |a bezpečnosť národná 
610 2 0 |a systémy bezpečnostné 
610 2 0 |a politika bezpečnostná 
610 2 0 |a procesy sociálno-ekonomické 
610 2 0 |a problémy spoločenské 
100 1 |a Škvrnda, František